Statistiques concernant Coupe du monde 2022

Cliquez ici pour prendre le quiz!

Statistiques générales

  • Ce quiz a été pris 1 126 fois
    (1 070 depuis la dernière actualisation)
  • Le résultat moyen est 28 sur 32

Statistiques - réponses

Team% Correct
France
99%
Argentine
96%
Maroc
95%
Espagne
94%
Qatar
93%
Angleterre
92%
Brésil
92%
Portugal
92%
Allemagne
91%
Australie
91%
Belgique
90%
Sénégal
90%
Danemark
89%
Japon
89%
États-Unis
88%
Pays-Bas
87%
Arabie Saoudite
86%
Croatie
86%
Tunisie
86%
Canada
83%
Cameroun
82%
Corée du Sud
82%
Mexique
82%
Pologne
82%
Uruguay
81%
Équateur
80%
Suisse
80%
Ghana
79%
Costa Rica
77%
Iran
75%
Pays de Galles
74%
Serbie
70%

Distribution des résultats

Percentile par nombre de réponses

% des personnes avec chaque résultat

Votre développement - résultats

Vous n’avez pas pris ce quiz depuis la dernière actualisation